000 00712nam a2200241Ia 4500
003 OSt
005 20220925224353.0
006 a|||||r|||| 00| 0
007 ta
008 220923b |||||||| |||| 00| 0 eng d
037 _cGeneral Book
040 _aRTL
_cRTL
_beng
041 _2eng
_aeng
082 _aX:3M24xN18:g(R4), L9
100 _aAsh William
_924271
245 0 _aMorals and politics
_b The ethics of 1 revolution
260 _aLondon
_bRoutledge & Kegan Paul
_c1979
300 _aIX,170p
_ccm.
500 _aBibliography p164-166
650 _aEconomics Classics Karl Marx
942 _hX:3M24xN18:g(R4), L9
_cGB
_2CC
999 _c581311
_d581311